Представление документа в формате MARC21

Поле Инд. ПП Название Значение
Тип записи a
Библиографический уровень m
001 Контрольный номер /RU/Omsk/OGONBP/gak/304432
005 Дата корректировки 20151113094434.2
008 Кодируемые данные 000824s1972 a |||| 001 1|rus u
040 d Организация, изменившая запись Омская ГОНБ
d Организация, изменившая запись НБ ТвГУ
041 0_ h Код языка оригинала fre
084 a Индекс другой классификации/Индекс ББК 85
090 a Полочн. индекс 778
x Авторский знак Б 17
100 1_ a Автор Базен Андре
q Полное имя Базен А.
245 10 a Заглавие Что такое кино?
b Продолж. заглавия сборник статей
c Ответственность пер. с фр. В. Божовича, И. Эпштейн ; вступ. ст. И. Вайсфельда, с. 3-38
260 a Место издания Москва
b Издательство Искусство
c Дата издания 1972
300 a Объем 383 с.
b Иллюстрации/ тип воспроизводства ил.
c Размеры 21 см
653 0_ a Ключевые слова Зарубежное кино
653 0_ a Ключевые слова Неореализм
653 0_ a Ключевые слова Вестерн
700 1_ a Другие авторы Вайсфельд Илья Вениаминович
e Роль лиц авт. вступ. ст.
700 1_ a Другие авторы Божович Виктор Ильич
e Роль лиц пер.
700 1_ a Другие авторы Эпштейн И.
e Роль лиц пер.
901 t Тип документа m
920 a Оператор Суха
a Оператор Поля
952 c Вид литературы К рн
954 a Дата поступления на обработку 20111226
b Дата поступления в ОК 20151113ред